00765nam a2200193 i 450000100060000000300090000600500170001500700030003200800410003510000480007624500890012426000490021330000320026265000530029474000540034785200310040199900170043295201220044967943ES-MaACL20251011063111.0t|040216s1970 sp ||||1| spa d0 aGallego Morell, Antonio, d1923-200995357610aCinco impresores granadinos de los siglos XVI y XVII / cpor Antonio Gallego Morell. aGranada : bUniversidad de Granada, c[1970] a151 p., 7 lám. ; c24 cm. 4aImprenta-zGranada-vBiobibliografías.91703940 a5 impresores granadinos de los siglos XVI y XVII. aES-MaACLjC-45036 bR.7665 c67943d67943 00104070aATENEOMbATENEOMcDEPO2d2008-01-17eSCl0oC-45036p1071135r2023-02-23 00:00:00w2023-02-23yMONOGRAFIA